000 00832nam a2200217 a 4500
001 000029083
005 20250320094435.0
008 110413t1938 dr 000 0 spa d
040 _aDO-SdBNP
_bspa
_cBNPHU
082 _aF-RD 44
100 1 _aDíaz Ordoñez, V.
_923244
245 1 3 _aEl más antiguo y grave problema antillano /
_cV. Díaz Ordoñez.
260 _aCiudad Trujillo, República Dominicana :
_bLa Opinión,
_c1938.
300 _a33 p. ;
_c19 cm.
650 4 _aIsla española (haití y república dominicana)
_xLímites
_xEnsayos, conferencias, etc.
_955983
650 4 _aPolítica de fronteras
_xEnsayos, conferencias, etc.
_95195
651 0 _aRepública Dominicana
_xLimites
_zHaití
_955984
651 4 _aHaití
_xLímites
_zRepública Domnicana
_955985
910 _aValidado. Control de calidad EMS.
049 _aBNPD
999 _c28575
_d28575